|
|
|
|
| LEADER |
00000nam0a2200000 4500 |
| 001 |
157119 |
| 005 |
20231031153523.0 |
| 020 |
|
|
|a RU
|b 87-18665
|
| 035 |
|
|
|a (RuTPU)RU\TPU\book\170408
|
| 090 |
|
|
|a 157119
|
| 100 |
|
|
|a 20090403d1987 m y0rusy5003 ca
|
| 101 |
1 |
|
|a rus
|c ger
|
| 102 |
|
|
|a RU
|
| 105 |
|
|
|a y z 000ay
|
| 200 |
1 |
|
|a Неизвестные страницы
|e повести, рассказы, эссе
|e пер. с нем.
|f А. Зегерс
|g сост. и предисл. Т. Мотылева
|
| 210 |
|
|
|a Москва
|c Известия
|d 1987
|
| 215 |
|
|
|a 160 с.
|d 17 см
|
| 225 |
1 |
|
|a Библиотека журнала "Иностранная литература"
|
| 333 |
|
|
|a Исключено из фонда НТБ ТПУ
|
| 675 |
|
|
|a 83
|z rus
|
| 700 |
|
1 |
|a Зегерс
|b А.
|c Seghers
|c немецкая писательница
|f 1900-1983
|g Анна
|2 stltpush
|3 (RuTPU)RU\TPU\pers\20854
|
| 702 |
|
1 |
|a Мотылева
|b Т.
|4 220
|
| 801 |
|
0 |
|a RU
|b RuMRKP
|c 19950417
|g psbo
|
| 801 |
|
1 |
|a RU
|b 63413507
|c 20090403
|g PSBO
|
| 801 |
|
2 |
|a RU
|b 63413507
|c 20211221
|g PSBO
|
| 942 |
|
|
|c BK
|